000 00292nam a2200097Ia 4500
001 1143913
005 20250827010204.0
008 250824s9999 xx 000 0 und d
245 0 _aOSMALI'DA İKTİDAR KAVGASI VE HANEDAN İÇİ KIYIMLAR
_cAHMET HALDUN TERZİOĞLU
260 _bPANAMA YAYINLARI
999 _c1143913
_d1143913